Meaning and the English verb (Registro nro. 311741)
[ vista simple ]
| 000 -ENCABEZADO | |
|---|---|
| Número de control [NR] | 00814cam a22002534a 4500 |
| 001 - NÚMERO DE CONTROL | |
| control field | 13563112 |
| 005 - FECHA Y HORA DE LA ÚLTIMA TRANSACCIÓN | |
| control field | 20190426100512.0 |
| 008 - DE LONGITUD FIJA DE DATOS DE ELEMENTOS - INFORMACIÓN GENERAL | |
| Elementos de longitud fija [NR] | 190426s2004 enk b 001 0 eng d |
| 010 ## - NUMERO DE CONTROL DE LA BIBLIOTECA DEL CONGRESO (LC) [NR] | |
| Número de control LC [NR] | 2004040107 |
| 020 ## - NUMERO INTERNACIONAL NORMALIZADO PARA LIBROS [R] | |
| Número Internacional Normalizado del libro [NR] | 9780582784574 (3a.Ed.) |
| 040 ## - FUENTE DE CATALOGACION [NR] | |
| Agencia de catalogación original [NR] | CO-BoUCM |
| Quien Cataloga | Saul Niño |
| Quien Clasifica | Saul Niño |
| Idioma de catalogación [NR] | spa |
| 041 0# - CODIGO DE IDIOMA [R] | |
| Código de idioma para texto/pista de sonido o título separado [R] | Inglés |
| 100 1# - ASIENTO PRINCIPAL--NOMBRE PERSONAL [NR] | |
| Nombre personal [NR] | Leech, Geoffrey N. |
| ID Autoridad | 96076 |
| 245 10 - MENCION DE TITULO [NR] | |
| Título [NR] | Meaning and the English verb |
| Mención de responsabilidad, etc. [NR] | Geoffrey Leech. |
| 250 ## - MENCION DE EDICION [NR] | |
| Mención de edición [NR] | Tercera edición |
| 260 ## - PUBLICACION, DISTRIBUCION, ETC. (PIE DE IMPRENTA) [R] | |
| Lugar de publicación, distribución, etc. [R] | Harlow, England |
| -- | New York |
| Nombre del editor, distribuidor, etc. [R] | Pearson |
| Fecha de publicación, distribución, etc. [R] | 2004 |
| 300 ## - DESCRIPCION FISICA [R] | |
| Extensión [R] | ix, 141 páginas |
| 650 #7 - ASIENTO SECUNDARIO DE MATERIA - TERMINO TEMATICO [R] | |
| Término temático o nombre geográfico como elemento de entrada [NR] | Inglés |
| Subdivisión general [R] | Verbo |
| 9 (RLIN) | 7745 |
| 650 #7 - ASIENTO SECUNDARIO DE MATERIA - TERMINO TEMATICO [R] | |
| Término temático o nombre geográfico como elemento de entrada [NR] | Inglés comercial |
| Subdivisión general [R] | Verbo |
| 9 (RLIN) | 17658 |
| 650 #7 - ASIENTO SECUNDARIO DE MATERIA - TERMINO TEMATICO [R] | |
| Término temático o nombre geográfico como elemento de entrada [NR] | Inglés |
| Subdivisión general [R] | Libros de texto |
| 9 (RLIN) | 85386 |
| 650 #7 - ASIENTO SECUNDARIO DE MATERIA - TERMINO TEMATICO [R] | |
| Término temático o nombre geográfico como elemento de entrada [NR] | Lingüística aplicada |
| 9 (RLIN) | 439 |
| 942 ## - ELEMENTOS DE ENTRADA AGREGADOS (KOHA) | |
| Sistema de clasificación | DEWEY |
| Tema principal | Lingüística |
| Tipo de ítem principal el descrito en 300a | Libro de reserva |
| Edición | 3 |
| Clasificación | 428.24 |
| Parte restante de la signatura top. | L483m |
| Signatura topográfica | Código de barras | Última vez visto | Volúmen / Fascículo | Ejemplar | Costo de reposición | Price effective from | Tipo de ítem | Nota pública (OPAC) | Perdido | Sistema de clasificación | Dañado | No prestable | Tipo de ítem específico | Suprimido | Ubicación habitual | Ubicación actual | Localización | Fecha de creación | Proveedor | Forma de adquisición | Costo |
|---|---|---|---|---|---|---|---|---|---|---|---|---|---|---|---|---|---|---|---|---|---|
| 428.24 L483m | 100159801 | 03/12/2025 | 3a.Ed. | Ej.1 | 186777.00 | 25/04/2019 | Libro | ASK | DEWEY | Libro | Claustro | Claustro | 4to piso | 25/04/2019 | 19 | Compra | 186777.00 |